000 01821cam a22005054i 4500
003 PE-LiUPU
005 20250731165516.0
008 181120s2006 pe a rb 000 0 spa d
020 _a9972254429
020 _a9789972254420
035 _a(Sirsi) a250725
040 _aPE-LiUPU
_bspa
_cPE-LiUPU
_erda
049 _aPRUA
082 0 4 _a001.42
_bB24
_220
100 1 _aBarrientos Gutiérrez, Pedro,
_eautor.
245 1 3 _aLa investigación científica :
_benfoques metodológicos /
_cPedro Barrientos Gutiérrez.
264 1 _aPerú :
_bUgraph,
_c2006.
300 _a199 páginas :
_bilustraciones ;
_c24 centímetros
336 _atext
_2rdacontent
337 _aunmediated
_2rdamedia
338 _avolume
_2rdacarrier
504 _aBibliografía : páginas 197-199.
505 0 _aBases epistemológicas en el proceso de construcción del conocimiento -- Enfioques metodológicos de la investigación científica -- El proceso de la investigación científica -- Elaboración del informe de investigación -- La investigación como tarea cotidiana del docente.
526 _aSEG44
526 _aSEG26
526 _aP151
526 _aP150
526 _aP149
526 _aP146
526 _aP145
526 _aP126
526 _aP125
526 _aP92
526 _aP75
526 _aP74
526 _aP27
526 _aP15
541 _g002-00000600;
650 1 4 _aInvestigación.
910 _adbm
_bncf
_cncf
_d20181120
942 _2ddc
_cBOOK
994 _aC0
_bPEPRU
596 _a1
999 _a001.42 B24
_wLC
_c30199
_i79486
_f2021-11-4
_g4
_lCCODEBUL1
_mBUL
_p7.39
_r0
_sY
_tBOOK
_u2018-11-20
_xBIBLIOTECA
_PP69
_0COMPRA
_1FCOMPR2
_o.STAFF. Colección Ciencias de la Salud
_d30199
980 _81
_gALBERTO SANCHEZ Responsable de Automatización